[Event "Challenge"]
[Site "http://www.queenalice.com/game.php?id=544066"]
[Date "2009.2.21"]
[Round "-"]
[White "duchray"]
[Black "DUDUZ"]
[Result "0-1"]
[WhiteElo "1238"]
[BlackElo "1116"]

1. e4 d6 2. d4 Nf6 3. Nc3 e6 4. h3 g6 5. Qf3 b6 6. Bg5 h6 7. Bxf6 Qd7 8. Bxh8 a5
9. d5 Ra7 10. Bb5 c6 11. dxc6 Nxc6 12. Nge2 f5 13. Nf4 Ke7 14. Nxg6+ Kf7 15. Qg3
Qd8 16. exf5 Nd4 17. Bxd4 e5 18. Nh8+ Kf6 19. Qh4+ Kg7 20. Qxd8 exd4 21. Nd5
Bxf5 22. c3 d3 23. Ne3 Be4 24. Qxb6 Ra8 25. f3 Bh7 26. Qb7+ Kxh8 27. Qxa8 Kg7
28. Rd1 h5 29. Bxd3 Bg8 30. b4 a4 31. Nf5+ Kf6 0-1

[Event "Let's Play Chess!"]
[Site "http://www.queenalice.com/game.php?id=545961"]
[Date "2009.2.25"]
[Round "-"]
[White "igothedistance"]
[Black "duchray"]
[Result "0-1"]
[WhiteElo "1383"]
[BlackElo "1268"]

1. d4 d5 2. Nc3 Nf6 3. e4 dxe4 4. f3 Bf5 5. fxe4 Nxe4 6. Nf3 Nc6 7. Bd3 Nd6 8.
O-O g6 9. Qe1 Bg7 10. Nd5 e6 11. Bg5 f6 12. Bxf5 Nxf5 13. Qxe6+ Nce7 14. Bd2 c6
15. Nxe7 Nxe7 16. Rae1 f5 0-1

[Event "Let's Play Chess!"]
[Site "http://www.queenalice.com/game.php?id=551004"]
[Date "2009.3.6"]
[Round "-"]
[White "elche"]
[Black "duchray"]
[Result "1-0"]
[WhiteElo "1769"]
[BlackElo "1270"]

1. e4 Nc6 2. Nf3 e5 3. Bc4 a6 4. O-O Nf6 5. d4 Qe7 6. dxe5 Nxe5 7. Bg5 b5 8.
Nxe5 Qxe5 9. Bxf6 Qxf6 10. e5 Qxe5 11. Re1 Bd6 12. Rxe5+ Bxe5 13. Bxf7+ Kxf7 14.
Qf3+ Ke6 15. Qxa8 d5 16. c3 Kd6 17. Nd2 c6 18. Nf3 Re8 19. Nxe5 Kxe5 20. Re1+
Kf6 21. Rxe8 Bd7 22. Rf8+ Ke5 23. Qb8+ Ke4 24. f3+ Kd3 25. Qe5 Kd2 26. Kf1 Kc2
27. Qe2+ Kb1 28. Rf4 Kxa2 29. b4+ Kb3 30. Qd2 g5 31. Rf7 Be6 32. Rxh7 g4 33.
fxg4 Bxg4 34. Ra7 Bc8 35. Rc7 Be6 36. Rxc6 d4 37. Qxd4 Bc4+ 38. Ke1 a5 39. bxa5
b4 40. Qxc4+ Ka4 41. Qxb4# 1-0

[Event "Let's Play Chess!"]
[Site "http://www.queenalice.com/game.php?id=551988"]
[Date "2009.3.7"]
[Round "-"]
[White "duchray"]
[Black "stephancharette"]
[Result "1-0"]
[WhiteElo "1219"]
[BlackElo "1475"]

1. e4 e6 2. d4 c6 3. Nc3 d5 4. e5 g6 5. Nf3 b5 6. Bg5 Be7 7. h4 Bxg5 8. hxg5 a6
9. Qe2 Bd7 10. O-O-O Qa5 11. Kb1 Ne7 12. a3 Nf5 13. b4 Qb6 14. g4 Ng7 15. Bg2
O-O 16. Rh6 f5 17. Nh4 Ne8 18. f4 Bc8 19. gxf5 exf5 20. e6 Ng7 21. e7 Re8 22.
Re1 Qxd4 23. Qf3 Nd7 24. Rd1 Qxd1+ 25. Qxd1 Bb7 26. Qe1 Rec8 27. Nf3 Nb6 28. Ne5
Rc7 29. Qh1 Rxe7 30. Bf3 Nc4 31. Nxc4 bxc4 32. Rxh7 Rae8 33. Rh8+ Kf7 34. Rxe8
Rxe8 35. Qg1 Ne6 36. Ne2 Rh8 37. Qg2 Bc8 38. c3 Bd7 39. Kb2 Rh4 40. Qg3 Rh8 41.
Qg1 Rh3 42. Bg2 Rh4 43. Qf2 Rh8 44. Qb6 Rh2 45. Bf1 Nxf4 46. Qe3 Nxe2 47. Bxe2
Rg2 48. a4 Rh2 49. Ka3 Be6 50. a5 Rh7 51. Qb6 Rh3 52. Qd4 Kf8 53. Bd1 Rh7 54.
Qf6+ Bf7 55. Qxc6 Rh3 56. Kb2 Be8 57. Qxa6 Rg3 58. Qd6+ Kg8 59. Qxg3 1-0

[Event "Challenge"]
[Site "http://www.queenalice.com/game.php?id=552500"]
[Date "2009.3.8"]
[Round "-"]
[White "tuninglou"]
[Black "duchray"]
[Result "1-0"]
[WhiteElo "1678"]
[BlackElo "1264"]

1. e4 e5 2. Nf3 Nc6 3. b3 Nf6 4. Nc3 d5 5. exd5 Nxd5 6. Bb2 b6 7. Bb5 Bb7 8.
Bxc6+ Bxc6 9. Nxe5 Qe7 10. Qe2 Nf4 11. Nxc6 Nxe2 12. Nxe7 Bxe7 13. Nxe2 Rd8 14.
Bxg7 Rg8 15. Bc3 1-0

[Event "Let's Play Chess!"]
[Site "http://www.queenalice.com/game.php?id=554741"]
[Date "2009.3.12"]
[Round "-"]
[White "duchray"]
[Black "DUDUZ"]
[Result "0-1"]
[WhiteElo "1262"]
[BlackElo "1062"]

1. e4 e5 2. Bc4 Nf6 3. Qf3 Bd6 4. Ne2 a5 5. a3 g5 6. h3 h5 7. d4 c6 8. Bxg5 b5
9. Bxf6 Rg8 10. Bxd8 Kxd8 11. Bxf7 Rg7 12. Qf6+ Be7 13. Qxg7 d5 14. Qxe5 Nd7 15.
Qh8+ Kc7 16. Qxh5 a4 17. exd5 cxd5 18. Nbc3 Nf6 19. Qe5+ Kb7 20. Qxe7+ Nd7 21.
Bxd5+ Kc7 22. Nxb5+ Kb6 23. Nec3 Ka5 0-1

[Event "Vamos jogar"]
[Site "http://www.queenalice.com/game.php?id=556014"]
[Date "2009.3.14"]
[Round "-"]
[White "duchray"]
[Black "Givanildo"]
[Result "1-0"]
[WhiteElo "1146"]
[BlackElo "1414"]

1. e4 e5 2. d3 b5 3. Nf3 d6 4. Bd2 Be6 5. d4 c5 6. Bxb5+ Bd7 7. Bxd7+ Qxd7 8.
dxe5 Nc6 9. Nc3 dxe5 10. Nd5 Nd4 11. Nxe5 Qc8 12. c3 Bd6 13. Bf4 Nf6 14. cxd4
cxd4 15. Qxd4 Qa6 16. a3 Qa5+ 17. b4 Qd8 18. O-O a5 19. Rac1 axb4 20. axb4 O-O
21. Rc6 Bxe5 22. Bxe5 Nxd5 23. exd5 Ra2 24. Bxg7 Re8 25. Qg4 Qxd5 26. Ba1+ Kf8
27. Qg7+ Ke7 28. Rc7+ Kd8 29. Rxf7 Qc4 30. Bf6+ Kc8 31. Rb7 Rc2 32. Qd7# 1-0

[Event "Challenge"]
[Site "http://www.queenalice.com/game.php?id=556365"]
[Date "2009.3.15"]
[Round "-"]
[White "stephancharette"]
[Black "duchray"]
[Result "0-1"]
[WhiteElo "1458"]
[BlackElo "1245"]

1. g3 d6 2. c3 e5 3. e3 Bf5 4. d4 e4 5. Ne2 Bg4 6. Bg2 Nf6 7. Qa4+ Bd7 8. Qb4 b6
9. Na3 a5 10. Qb3 c5 11. dxc5 dxc5 12. Nb5 a4 13. Qc4 Be6 14. Nd6+ Qxd6 15. Qb5+
Nbd7 16. b4 Bd5 17. bxc5 bxc5 18. Qb2 Qa6 19. a3 Rb8 20. Qc2 Be7 21. Nf4 Bb3 22.
Qe2 c4 23. O-O O-O 24. Bd2 Nc5 25. Rab1 Rfd8 26. f3 Rd6 27. Rb2 Rbd8 28. g4 Nd3
29. Nxd3 Rxd3 30. Ra1 Qd6 31. h3 Qe5 32. Rbb1 Rxd2 33. Qe1 Qxc3 34. Rd1 Bxd1 35.
Rxd1 Bc5 36. Rxd2 Rxd2 37. Qxd2 Qxd2 38. fxe4 Bxe3+ 39. Kh1 Nd7 40. h4 c3 41. h5
c2 42. Kh2 c1=Q 43. Kh3 Qg1 44. Bf3 Ne5 45. Bg2 Qdxg2+ 46. Kh4 Qxg4# 0-1

[Event "Challenge"]
[Site "http://www.queenalice.com/game.php?id=558532"]
[Date "2009.3.19"]
[Round "-"]
[White "duchray"]
[Black "Givanildo"]
[Result "1-0"]
[WhiteElo "1195"]
[BlackElo "1390"]

1. e4 e5 2. Nc3 a6 3. Nf3 Nf6 4. Nxe5 Bc5 5. Bc4 d5 6. exd5 Ng4 7. Ne4 O-O 8.
Nxg4 Bxg4 9. Qxg4 Re8 10. O-O Re5 11. Nxc5 Ra7 12. b3 b6 13. Bb2 Rg5 14. Qd4
bxc5 15. Qxc5 Rb7 16. Rfe1 Nd7 17. Qd4 Nf6 18. Re5 Rg4 19. Qd3 Qd6 20. Rae1 c6
21. f3 Rh4 22. Bxa6 Rb6 23. Bc8 cxd5 24. Bf5 g6 25. Bg4 h5 26. g3 Rxg4 27. fxg4
Nxg4 28. Re8+ Kh7 29. R8e7 Nf2 30. Kxf2 Qc5+ 31. Kg2 d4 32. Bxd4 Qd5+ 33. R1e4
Rd6 34. Rxf7+ Qxf7 35. a4 h4 36. Rxh4+ Kg8 37. a5 Qd5+ 38. Kh3 Qe6+ 39. g4 Rd7
40. a6 Qe8 41. Rh8+ Kf7 42. Rxe8 Kxe8 43. a7 Rh7+ 44. Kg3 g5 45. a8=Q+ Kf7 46.
Qxh7+ 1-0

[Event "Let's Play Chess!"]
[Site "http://www.queenalice.com/game.php?id=562392"]
[Date "2009.3.27"]
[Round "-"]
[White "Bigfish"]
[Black "duchray"]
[Result "1-0"]
[WhiteElo "2090"]
[BlackElo "1289"]

1. Nf3 f6 2. e4 e5 3. Bc4 c6 4. d4 b5 5. Bb3 Bd6 6. dxe5 fxe5 7. Qxd6 Qe7 8.
Qxe5 Qxe5 9. Nxe5 Nf6 10. Nf7 Rf8 11. Nd6+ Kd8 12. O-O Ba6 13. Re1 Ne8 14. e5
1-0

[Event "Let's Play Chess!"]
[Site "http://www.queenalice.com/game.php?id=563729"]
[Date "2009.3.29"]
[Round "-"]
[White "duchray"]
[Black "jnable"]
[Result "0-1"]
[WhiteElo "1217"]
[BlackElo "2028"]

1. e4 e5 2. d3 Nf6 3. Bg5 Nc6 4. c3 Bc5 5. Nf3 d6 6. b4 Bb6 7. Qd2 O-O 8. a4 a6
9. a5 Ba7 10. d4 Nxe4 11. Qe3 Nxg5 12. Nxg5 exd4 13. Qg3 Qe7+ 14. Be2 Re8 0-1

[Event "Let's Play Chess!"]
[Site "http://www.queenalice.com/game.php?id=564450"]
[Date "2009.3.31"]
[Round "-"]
[White "pegasususa"]
[Black "duchray"]
[Result "1-0"]
[WhiteElo "1395"]
[BlackElo "1215"]

1. e4 e5 2. Nf3 d6 3. Be2 c5 4. c3 h6 5. O-O Nf6 6. d3 g5 7. g3 Be6 8. c4 Nc6 9.
Re1 Qb6 10. b3 O-O-O 11. Nc3 Nd4 12. Nxd4 cxd4 13. Nb1 Kb8 14. Nd2 1-0

[Event "Let's Play Chess!"]
[Site "http://www.queenalice.com/game.php?id=564452"]
[Date "2009.3.31"]
[Round "-"]
[White "pegasususa"]
[Black "duchray"]
[Result "1-0"]
[WhiteElo "1375"]
[BlackElo "1276"]

1. e4 e5 2. Nf3 Nc6 3. Be2 Nf6 4. d3 Bc5 5. O-O d6 6. c3 O-O 7. Re1 Ng4 8. d4
exd4 9. Nxd4 Nxd4 10. cxd4 Bb4 11. Nc3 Qh4 12. Bxg4 Bxg4 13. Qb3 a5 14. Be3 1-0

[Event "Let's Play Chess!"]
[Site "http://www.queenalice.com/game.php?id=690384"]
[Date "2009.11.30"]
[Round "-"]
[White "duchray"]
[Black "BobySponja"]
[Result "0-1"]
[WhiteElo "1188"]
[BlackElo "1750"]

1. e4 d5 2. Nc3 d4 3. Nd5 e5 4. Nf3 c6 5. Bc4 cxd5 6. Bxd5 Nc6 7. c3 Nf6 8. d3
Be7 9. cxd4 Nxd5 10. exd5 Qxd5 11. O-O Nxd4 12. Nxd4 Qxd4 0-1